[Event "DEM U18w 2020"]
[Site "Willingen GER"]
[Date "2020.10.22"]
[Round "4"]
[White "Köpke, Carolina"]
[Black "Minneken, Swantje"]
[Result "0-1"]
[Termination "normal"]
[Board "9"]
[WhiteElo "1486"]
[BlackElo "1322"]
[WhiteClock "00:11:01"]
[BlackClock "00:57:09"]
[PlyCount "74"]
[WhiteFideId "16288874"]
[BlackFideId "16261526"]
[EventCountry "GER"]
[EventRounds "7"]
[EventType "swiss"]
[EventDate "2020.10.19"]

1. d4 {[%clk 1:30:56]} c6 {[%clk 1:30:49]} 2. Nf3 {[%clk 1:30:29]} d5 {[%clk
1:30:55]} 3. Bf4 {[%clk 1:29:29]} Bf5 {[%clk 1:30:37]} 4. e3 {[%clk 1:29:06]}
Nf6 {[%clk 1:30:12]} 5. c4 {[%clk 1:27:41]} e6 {[%clk 1:29:31]} 6. Nc3 {[%clk
1:26:23]} Bd6 {[%clk 1:28:47]} 7. Bg3 {[%clk 1:26:04]} h6 {[%clk 1:27:52]} 8.
Qb3 {[%clk 1:22:58]} Bxg3 {[%clk 1:23:55]} 9. hxg3 {[%clk 1:22:59]} Qc7 {[%clk
1:23:35]} 10. cxd5 {[%clk 1:15:46]} exd5 {[%clk 1:22:51]} 11. Rc1 {[%clk
1:14:05]} Qe7 {[%clk 1:20:20]} 12. Ne5 {[%clk 1:07:21]} O-O {[%clk 1:17:41]}
13. Be2 {[%clk 1:00:38]} Na6 {[%clk 1:14:43]} 14. Bxa6 {[%clk 0:56:42]} bxa6
{[%clk 1:14:51]} 15. Nxc6 {[%clk 0:56:29]} Qd6 {[%clk 1:14:34]} 16. Ne5 {[%clk
0:49:36]} Rab8 {[%clk 1:13:35]} 17. Qa3 {[%clk 0:36:33]} Qxa3 {[%clk 1:12:01]}
18. bxa3 {[%clk 0:36:44]} Rfc8 {[%clk 1:11:57]} 19. O-O {[%clk 0:35:09]} Rb7
{[%clk 1:10:29]} 20. Na4 {[%clk 0:31:55]} Rxc1 {[%clk 1:04:46]} 21. Rxc1 {[%clk
0:32:13]} Rb1 {[%clk 1:04:21]} 22. Rxb1 {[%clk 0:31:45]} Bxb1 {[%clk 1:04:40]}
23. Nc3 {[%clk 0:31:36]} Bf5 {[%clk 1:04:14]} 24. Nc6 {[%clk 0:31:33]} Kf8
{[%clk 1:03:22]} 25. Nxa7 {[%clk 0:31:13]} Bd7 {[%clk 1:03:21]} 26. e4 {[%clk
0:28:39]} dxe4 {[%clk 1:01:14]} 27. d5 {[%clk 0:26:36]} h5 {[%clk 0:59:10]} 28.
Kf1 {[%clk 0:24:37]} Ke7 {[%clk 0:58:51]} 29. Nc6+ {[%clk 0:24:47]} Bxc6 {[%clk
0:57:23]} 30. dxc6 {[%clk 0:25:11]} Kd6 {[%clk 0:57:37]} 31. Ke2 {[%clk
0:24:42]} Kxc6 {[%clk 0:57:42]} 32. Ke3 {[%clk 0:22:47]} Nd5+ {[%clk 0:57:04]}
33. Kd2 {[%clk 0:13:34]} Nxc3 {[%clk 0:57:00]} 34. Kxc3 {[%clk 0:13:57]} Kc5
{[%clk 0:57:11]} 35. a4 {[%clk 0:13:49]} a5 {[%clk 0:57:23]} 36. a3 {[%clk
0:13:30]} f5 {[%clk 0:56:59]} 37. Kd2 {[%clk 0:11:01]} Kd4 {[%clk 0:57:09]} 0-1

[Event "DEM U18w 2020"]
[Site "Willingen GER"]
[Date "2020.10.22"]
[Round "4"]
[White "Rempe, Janne"]
[Black "Sokolowski, Judith"]
[Result "0-1"]
[Termination "normal"]
[Board "10"]
[WhiteElo "1517"]
[BlackElo "1794"]
[WhiteClock "00:21:14"]
[BlackClock "00:11:37"]
[PlyCount "46"]
[WhiteFideId "16202392"]
[BlackFideId "16200624"]
[EventCountry "GER"]
[EventRounds "7"]
[EventType "swiss"]
[EventDate "2020.10.19"]

1. d4 {[%clk 1:30:48]} d5 {[%clk 1:30:48]} 2. Nf3 {[%clk 1:30:57]} e6 {[%clk
1:31:02]} 3. Bf4 {[%clk 1:30:39]} Nf6 {[%clk 1:31:12]} 4. e3 {[%clk 1:29:55]}
c5 {[%clk 1:30:55]} 5. c3 {[%clk 1:23:56]} Bd6 {[%clk 1:26:43]} 6. Bb5+ {[%clk
1:20:48]} Nc6 {[%clk 1:19:56]} 7. Ne5 {[%clk 1:09:42]} Qc7 {[%clk 1:17:02]} 8.
Qa4 {[%clk 1:05:05]} Bd7 {[%clk 1:13:54]} 9. Nxd7 {[%clk 0:59:48]} Qxd7 {[%clk
1:05:50]} 10. Nd2 {[%clk 0:54:23]} O-O {[%clk 0:58:54]} 11. dxc5 {[%clk
0:52:26]} Bxc5 {[%clk 0:55:10]} 12. Nf3 {[%clk 0:49:49]} Rfc8 {[%clk 0:51:09]}
13. Ne5 {[%clk 0:47:01]} Qe8 {[%clk 0:50:43]} 14. Nxc6 {[%clk 0:46:16]} bxc6
{[%clk 0:46:54]} 15. Ba6 {[%clk 0:46:27]} e5 {[%clk 0:25:12]} 16. Bxc8 exf4 17.
Bb7 {[%clk 0:44:07]} fxe3 {[%clk 0:20:05]} 18. f3 {[%clk 0:39:04]} e2 {[%clk
0:18:53]} 19. Qa6 {[%clk 0:36:30]} Rb8 {[%clk 0:17:02]} 20. Bxc6 {[%clk
0:30:25]} Qe6 {[%clk 0:17:03]} 21. b4 {[%clk 0:26:50]} Bb6 {[%clk 0:11:52]} 22.
Bb5 {[%clk 0:22:34]} Qe3 {[%clk 0:11:37]} 23. Bxe2 {[%clk 0:21:14]} Qxc3+ 0-1

[Event "DEM U18w 2020"]
[Site "Willingen GER"]
[Date "2020.10.23"]
[Round "6"]
[White "Schneider, Jana"]
[Black "Müdder, Melanie"]
[Result "1-0"]
[Termination "normal"]
[Board "1"]
[WhiteTitle "FM"]
[WhiteElo "2270"]
[BlackElo "2039"]
[WhiteClock "00:39:04"]
[BlackClock "00:09:06"]
[PlyCount "67"]
[WhiteFideId "12924997"]
[BlackFideId "12994103"]
[EventCountry "GER"]
[EventRounds "7"]
[EventType "swiss"]
[EventDate "2020.10.19"]

1. e4 {[%clk 1:30:56]} c5 {[%clk 1:30:53]} 2. Nf3 {[%clk 1:31:20]} Nc6 {[%clk
1:31:15]} 3. Bb5 {[%clk 1:31:44]} Nf6 {[%clk 1:30:53]} 4. Nc3 {[%clk 1:32:06]}
g6 {[%clk 1:31:04]} 5. h3 {[%clk 1:32:02]} Bg7 {[%clk 1:29:54]} 6. e5 {[%clk
1:32:18]} Ng8 {[%clk 1:29:37]} 7. Bxc6 {[%clk 1:32:11]} dxc6 {[%clk 1:29:57]}
8. d3 {[%clk 1:31:50]} Nh6 {[%clk 1:29:46]} 9. O-O {[%clk 1:31:52]} O-O {[%clk
1:29:08]} 10. Ne4 {[%clk 1:30:19]} b6 {[%clk 1:26:54]} 11. Re1 {[%clk 1:28:09]}
Nf5 {[%clk 1:25:02]} 12. a4 {[%clk 1:27:36]} a5 {[%clk 1:19:22]} 13. c3 {[%clk
1:27:33]} Ra7 {[%clk 1:08:51]} 14. g4 {[%clk 1:21:58]} Nh6 {[%clk 1:05:04]} 15.
d4 {[%clk 1:13:47]} c4 {[%clk 0:57:06]} 16. b3 {[%clk 0:59:36]} Be6 {[%clk
0:45:04]} 17. bxc4 {[%clk 0:59:05]} Bxc4 {[%clk 0:45:01]} 18. Ba3 {[%clk
0:55:58]} Bd5 {[%clk 0:36:49]} 19. Rb1 {[%clk 0:52:38]} Re8 {[%clk 0:32:57]}
20. Qd3 {[%clk 0:50:18]} f5 {[%clk 0:20:59]} 21. exf6 {[%clk 0:50:29]} exf6
{[%clk 0:20:56]} 22. c4 {[%clk 0:49:49]} Bf7 {[%clk 0:18:19]} 23. d5 {[%clk
0:37:47]} cxd5 {[%clk 0:13:24]} 24. cxd5 {[%clk 0:38:10]} Qxd5 {[%clk 0:09:49]}
25. Qxd5 {[%clk 0:38:15]} Bxd5 {[%clk 0:10:03]} 26. Nxf6+ {[%clk 0:38:37]} Bxf6
{[%clk 0:09:51]} 27. Rxe8+ {[%clk 0:39:03]} Kg7 {[%clk 0:09:17]} 28. g5 {[%clk
0:37:05]} Bxf3 {[%clk 0:08:37]} 29. gxf6+ {[%clk 0:37:20]} Kxf6 {[%clk
0:08:45]} 30. Rxb6+ {[%clk 0:37:37]} Kg5 {[%clk 0:08:17]} 31. Bc1+ {[%clk
0:37:51]} Kh5 {[%clk 0:08:31]} 32. Re5+ {[%clk 0:37:45]} Nf5 {[%clk 0:08:49]}
33. Rxf5+ {[%clk 0:38:39]} gxf5 {[%clk 0:09:06]} 34. Rh6# {[%clk 0:39:04]} 1-0

[Event "DEM U18w 2020"]
[Site "Willingen GER"]
[Date "2020.10.23"]
[Round "6"]
[White "Nizamova, Rita"]
[Black "Kobald, Jacqueline"]
[Result "0-1"]
[Termination "normal"]
[Board "2"]
[WhiteElo "1684"]
[BlackElo "1955"]
[WhiteClock "00:19:45"]
[BlackClock "00:15:10"]
[PlyCount "92"]
[WhiteFideId "16221940"]
[BlackFideId "12988162"]
[EventCountry "GER"]
[EventRounds "7"]
[EventType "swiss"]
[EventDate "2020.10.19"]

1. d4 {[%clk 1:30:57]} Nf6 {[%clk 1:30:51]} 2. Nf3 {[%clk 1:31:22]} g6 {[%clk
1:30:50]} 3. Bf4 {[%clk 1:31:45]} d5 {[%clk 1:24:35]} 4. e3 {[%clk 1:31:55]}
Bg7 {[%clk 1:24:01]} 5. Bd3 {[%clk 1:32:06]} O-O {[%clk 1:23:31]} 6. Nbd2
{[%clk 1:31:13]} c5 {[%clk 1:21:41]} 7. c3 {[%clk 1:30:15]} cxd4 {[%clk
1:20:24]} 8. exd4 {[%clk 1:27:33]} b6 {[%clk 1:10:08]} 9. O-O {[%clk 1:26:39]}
Ba6 {[%clk 1:09:24]} 10. Bxa6 {[%clk 1:25:05]} Nxa6 {[%clk 1:09:46]} 11. Qe2
{[%clk 1:24:57]} Nc7 {[%clk 1:08:31]} 12. a4 {[%clk 1:22:40]} Ne6 {[%clk
1:05:04]} 13. Bg3 {[%clk 1:20:23]} a6 {[%clk 1:04:54]} 14. Nb3 {[%clk 1:15:00]}
Qc8 {[%clk 0:52:14]} 15. a5 {[%clk 1:00:50]} b5 {[%clk 0:51:50]} 16. Ne5 {[%clk
0:59:25]} Ne4 {[%clk 0:46:26]} 17. Nd3 {[%clk 0:56:26]} Re8 {[%clk 0:40:23]}
18. f3 {[%clk 0:46:34]} Nxg3 {[%clk 0:40:30]} 19. hxg3 {[%clk 0:46:56]} Qc4
{[%clk 0:33:43]} 20. Qd1 {[%clk 0:45:30]} Qc7 {[%clk 0:32:20]} 21. Kh2 {[%clk
0:44:47]} Bf6 {[%clk 0:29:35]} 22. Nbc5 {[%clk 0:42:41]} Nxc5 {[%clk 0:28:54]}
23. Nxc5 {[%clk 0:42:54]} e5 {[%clk 0:26:43]} 24. Qd3 {[%clk 0:38:06]} Be7
{[%clk 0:19:19]} 25. b4 {[%clk 0:25:51]} Bd6 {[%clk 0:17:32]} 26. Rae1 {[%clk
0:18:07]} exd4 {[%clk 0:12:44]} 27. Rxe8+ {[%clk 0:18:27]} Rxe8 {[%clk
0:13:10]} 28. Qxd4 {[%clk 0:17:56]} Bxg3+ {[%clk 0:11:22]} 29. Kh3 {[%clk
0:12:40]} Be1 {[%clk 0:06:33]} 30. f4 {[%clk 0:09:38]} Qe7 {[%clk 0:06:51]} 31.
g3 {[%clk 0:07:11]} Qe2 {[%clk 0:07:04]} 32. Rxe1 {[%clk 0:06:04]} Qxe1 {[%clk
0:07:17]} 33. Qxd5 {[%clk 0:05:10]} Qf1+ {[%clk 0:04:44]} 34. Kh4 {[%clk
0:04:42]} Qe2 {[%clk 0:03:30]} 35. Kh3 {[%clk 0:02:34]} h5 {[%clk 0:02:40]} 36.
Nd7 {[%clk 0:00:37]} Qe6+ {[%clk 0:01:25]} 37. Qxe6 {[%clk 0:00:54]} Rxe6
{[%clk 0:01:46]} 38. Nc5 {[%clk 0:01:18]} Rd6 {[%clk 0:01:31]} 39. g4 {[%clk
0:00:51]} hxg4+ {[%clk 0:01:06]} 40. Kxg4 {[%clk 0:01:19]} Kg7 {[%clk 0:00:44]}
41. Kg5 {[%clk 0:28:18]} f6+ {[%clk 0:26:25]} 42. Kg4 {[%clk 0:26:44]} Kf8
{[%clk 0:20:06]} 43. Kh4 {[%clk 0:22:11]} Rc6 {[%clk 0:19:27]} 44. Ne4 {[%clk
0:20:18]} Ke7 {[%clk 0:16:52]} 45. Kg3 {[%clk 0:20:06]} Ke6 {[%clk 0:15:10]}
46. Kf3 {[%clk 0:19:45]} Kd5 0-1

[Event "DEM U18w 2020"]
[Site "Willingen GER"]
[Date "2020.10.23"]
[Round "6"]
[White "Ehmann, Johanna"]
[Black "Naumenko, Valerija"]
[Result "1/2-1/2"]
[Termination "normal"]
[Board "3"]
[WhiteElo "1846"]
[BlackElo "1678"]
[WhiteClock "00:00:41"]
[BlackClock "00:01:44"]
[PlyCount "74"]
[WhiteFideId "12953130"]
[BlackFideId "16222890"]
[EventCountry "GER"]
[EventRounds "7"]
[EventType "swiss"]
[EventDate "2020.10.19"]

1. e4 {[%clk 1:30:55]} e5 {[%clk 1:30:56]} 2. Nf3 {[%clk 1:31:16]} Nc6 {[%clk
1:31:21]} 3. Bb5 {[%clk 1:31:35]} a6 {[%clk 1:31:45]} 4. Ba4 {[%clk 1:31:59]}
Nf6 {[%clk 1:31:49]} 5. d4 {[%clk 1:32:20]} exd4 {[%clk 1:30:00]} 6. O-O {[%clk
1:32:34]} Nxe4 {[%clk 1:24:28]} 7. Re1 {[%clk 1:32:05]} d5 {[%clk 1:24:52]} 8.
Nxd4 {[%clk 1:31:42]} Bc5 {[%clk 1:17:45]} 9. Bxc6+ {[%clk 1:26:04]} bxc6
{[%clk 1:13:19]} 10. f3 {[%clk 1:23:41]} Qh4 {[%clk 1:07:56]} 11. g3 {[%clk
1:20:02]} Qf6 {[%clk 1:06:24]} 12. Be3 {[%clk 1:09:48]} O-O {[%clk 1:00:37]}
13. fxe4 {[%clk 1:07:34]} dxe4 {[%clk 0:48:21]} 14. c3 {[%clk 0:55:40]} Rd8
{[%clk 0:41:14]} 15. Rf1 {[%clk 0:47:06]} Qg6 {[%clk 0:39:25]} 16. Nd2 {[%clk
0:39:58]} Bh3 {[%clk 0:31:44]} 17. Rf4 {[%clk 0:26:20]} f5 {[%clk 0:29:50]} 18.
Nxf5 {[%clk 0:20:55]} Rd3 {[%clk 0:24:09]} 19. Bxc5 {[%clk 0:15:14]} Bxf5
{[%clk 0:24:22]} 20. Qf1 {[%clk 0:10:28]} Rd5 {[%clk 0:16:20]} 21. Nxe4 {[%clk
0:07:05]} h6 {[%clk 0:15:06]} 22. Qc4 {[%clk 0:03:51]} Qe6 {[%clk 0:13:02]} 23.
Re1 {[%clk 0:03:31]} Kh8 {[%clk 0:11:56]} 24. Ref1 {[%clk 0:03:01]} Bh3 {[%clk
0:10:11]} 25. Rf8+ {[%clk 0:02:32]} Rxf8 {[%clk 0:08:24]} 26. Rxf8+ {[%clk
0:02:39]} Kh7 {[%clk 0:08:48]} 27. Qe2 {[%clk 0:00:53]} Rxc5 {[%clk 0:08:30]}
28. Re8 {[%clk 0:00:53]} Qxe8 {[%clk 0:02:19]} 29. Nf6+ {[%clk 0:01:15]} gxf6
{[%clk 0:02:43]} 30. Qxe8 {[%clk 0:01:36]} Rf5 {[%clk 0:01:16]} 31. Qf7+ {[%clk
0:01:27]} Kh8 {[%clk 0:01:35]} 32. Qf8+ {[%clk 0:01:11]} Kh7 {[%clk 0:01:56]}
33. Qe7+ {[%clk 0:01:02]} Kg8 {[%clk 0:01:13]} 34. Qe8+ {[%clk 0:00:56]} Kh7
{[%clk 0:01:32]} 35. Qf7+ {[%clk 0:00:50]} Kh8 {[%clk 0:01:45]} 36. Qe8+ {[%clk
0:00:58]} Kh7 {[%clk 0:01:57]} 37. Qf7+ {[%clk 0:00:41]} Kh8 {[%clk 0:01:44]}
1/2-1/2

[Event "DEM U18w 2020"]
[Site "Willingen GER"]
[Date "2020.10.23"]
[Round "6"]
[White "Garbuz, Nicole"]
[Black "Peglau, Sarah"]
[Result "0-1"]
[Termination "normal"]
[Board "4"]
[WhiteElo "1719"]
[BlackElo "1699"]
[WhiteClock "00:06:54"]
[BlackClock "00:05:31"]
[PlyCount "108"]
[WhiteFideId "12990701"]
[BlackFideId "16219961"]
[EventCountry "GER"]
[EventRounds "7"]
[EventType "swiss"]
[EventDate "2020.10.19"]

1. e4 {[%clk 1:30:57]} e6 {[%clk 1:30:53]} 2. d4 {[%clk 1:31:22]} d5 {[%clk
1:31:19]} 3. Nd2 {[%clk 1:31:43]} dxe4 {[%clk 1:31:43]} 4. Nxe4 {[%clk
1:31:50]} Bd7 {[%clk 1:32:07]} 5. Nf3 {[%clk 1:31:08]} Bc6 {[%clk 1:32:29]} 6.
Bd3 {[%clk 1:30:15]} Nd7 {[%clk 1:32:48]} 7. O-O {[%clk 1:22:35]} Ngf6 {[%clk
1:33:10]} 8. Qe2 {[%clk 1:19:19]} Nxe4 {[%clk 1:32:46]} 9. Bxe4 {[%clk
1:19:27]} Bxe4 {[%clk 1:33:11]} 10. Qxe4 {[%clk 1:19:53]} c6 {[%clk 1:33:35]}
11. c3 {[%clk 1:16:44]} Bd6 {[%clk 1:32:59]} 12. Re1 {[%clk 1:14:16]} O-O
{[%clk 1:32:48]} 13. Bg5 {[%clk 1:09:10]} Qc7 {[%clk 1:31:51]} 14. Qg4 {[%clk
1:06:05]} Rfe8 {[%clk 1:29:21]} 15. Bh6 {[%clk 1:02:45]} Bf8 {[%clk 1:29:23]}
16. Bf4 {[%clk 0:56:30]} Bd6 {[%clk 1:25:23]} 17. Ne5 {[%clk 0:53:07]} Nxe5
{[%clk 1:21:18]} 18. dxe5 {[%clk 0:49:15]} Bc5 {[%clk 1:20:44]} 19. Bh6 {[%clk
0:48:12]} Bf8 {[%clk 1:21:04]} 20. Re3 {[%clk 0:39:54]} Rad8 {[%clk 1:16:36]}
21. Re2 {[%clk 0:29:57]} Rd5 {[%clk 1:14:52]} 22. Bg5 {[%clk 0:21:52]} Be7
{[%clk 1:09:49]} 23. Bf4 {[%clk 0:17:18]} Red8 {[%clk 1:06:15]} 24. Ree1 {[%clk
0:16:19]} Qd7 {[%clk 1:02:03]} 25. h3 {[%clk 0:14:49]} Kh8 {[%clk 0:53:57]} 26.
Qg3 {[%clk 0:08:05]} Rd3 {[%clk 0:46:15]} 27. Qg4 {[%clk 0:08:03]} Qd5 {[%clk
0:45:34]} 28. Be3 {[%clk 0:05:36]} c5 {[%clk 0:35:03]} 29. Bf4 {[%clk 0:02:41]}
Rd7 {[%clk 0:34:33]} 30. Qe2 {[%clk 0:02:37]} Bd8 {[%clk 0:30:45]} 31. Qe4
{[%clk 0:02:19]} Bc7 {[%clk 0:28:27]} 32. Qxd5 {[%clk 0:02:27]} R7xd5 {[%clk
0:25:26]} 33. Re2 {[%clk 0:02:33]} h6 {[%clk 0:22:39]} 34. Rae1 {[%clk
0:02:36]} Kh7 {[%clk 0:22:24]} 35. Kh2 {[%clk 0:02:19]} Kg6 {[%clk 0:09:22]}
36. Bg3 {[%clk 0:02:02]} Kf5 {[%clk 0:07:38]} 37. Re4 {[%clk 0:01:41]} g5
{[%clk 0:06:07]} 38. Ra4 {[%clk 0:01:15]} a6 {[%clk 0:05:48]} 39. h4 {[%clk
0:01:22]} Bxe5 {[%clk 0:05:02]} 40. Bxe5 {[%clk 0:00:38]} Rxe5 {[%clk 0:05:25]}
41. Rxe5+ {[%clk 0:26:26]} Kxe5 {[%clk 0:35:00]} 42. hxg5 {[%clk 0:24:26]} hxg5
{[%clk 0:34:43]} 43. Ra3 {[%clk 0:18:24]} f5 {[%clk 0:24:54]} 44. Rb3 {[%clk
0:18:06]} b5 {[%clk 0:25:08]} 45. Ra3 {[%clk 0:17:37]} Rd2 {[%clk 0:20:29]} 46.
Rxa6 {[%clk 0:16:02]} Rxf2 {[%clk 0:12:29]} 47. b3 {[%clk 0:12:25]} g4 {[%clk
0:10:21]} 48. Rc6 {[%clk 0:11:15]} Kf4 {[%clk 0:07:47]} 49. Rxe6 {[%clk
0:10:30]} g3+ {[%clk 0:06:17]} 50. Kg1 {[%clk 0:10:27]} Rxa2 {[%clk 0:06:29]}
51. Re1 {[%clk 0:08:51]} Rb2 {[%clk 0:06:42]} 52. Rf1+ {[%clk 0:08:16]} Kg4
{[%clk 0:05:46]} 53. b4 {[%clk 0:06:30]} cxb4 {[%clk 0:05:05]} 54. cxb4 {[%clk
0:06:54]} Rxb4 {[%clk 0:05:31]} 0-1

[Event "DEM U18w 2020"]
[Site "Willingen GER"]
[Date "2020.10.23"]
[Round "6"]
[White "Grining, Maria"]
[Black "Fock, Amina"]
[Result "1/2-1/2"]
[Termination "normal"]
[Board "5"]
[WhiteElo "1768"]
[BlackElo "1840"]
[WhiteClock "00:30:54"]
[BlackClock "01:06:08"]
[PlyCount "49"]
[WhiteFideId "16235037"]
[BlackFideId "12981982"]
[EventCountry "GER"]
[EventRounds "7"]
[EventType "swiss"]
[EventDate "2020.10.19"]

1. d4 {[%clk 1:30:56]} Nf6 {[%clk 1:30:51]} 2. Nf3 {[%clk 1:31:20]} e6 {[%clk
1:31:14]} 3. c4 {[%clk 1:31:44]} Bb4+ {[%clk 1:31:36]} 4. Bd2 {[%clk 1:32:09]}
a5 {[%clk 1:31:59]} 5. Nc3 {[%clk 1:32:32]} b6 {[%clk 1:32:19]} 6. e3 {[%clk
1:32:54]} Bb7 {[%clk 1:32:42]} 7. Bd3 {[%clk 1:33:13]} O-O {[%clk 1:32:58]} 8.
O-O {[%clk 1:33:31]} d6 {[%clk 1:33:20]} 9. a3 {[%clk 1:33:33]} Bxc3 {[%clk
1:33:43]} 10. Bxc3 {[%clk 1:32:30]} Ne4 {[%clk 1:34:06]} 11. Nd2 {[%clk
1:27:11]} Nxc3 {[%clk 1:32:06]} 12. bxc3 {[%clk 1:27:34]} Nd7 {[%clk 1:31:01]}
13. Qc2 {[%clk 1:25:14]} h6 {[%clk 1:29:35]} 14. e4 {[%clk 1:22:45]} e5 {[%clk
1:29:09]} 15. f4 {[%clk 1:21:22]} Qe7 {[%clk 1:24:13]} 16. f5 {[%clk 1:14:30]}
c6 {[%clk 1:19:32]} 17. d5 {[%clk 1:08:16]} cxd5 {[%clk 1:18:44]} 18. cxd5
{[%clk 1:08:15]} Nc5 {[%clk 1:18:23]} 19. Rf3 {[%clk 1:04:51]} f6 {[%clk
1:17:09]} 20. Rg3 {[%clk 1:03:05]} Qc7 {[%clk 1:15:35]} 21. Be2 {[%clk
0:52:47]} Bc8 {[%clk 1:13:28]} 22. Rb1 {[%clk 0:37:13]} Bd7 {[%clk 1:09:42]}
23. Nc4 {[%clk 0:35:50]} Na4 {[%clk 1:09:31]} 24. Qd2 {[%clk 0:34:14]} Kh8
{[%clk 1:06:08]} 25. Kh1 {[%clk 0:30:54]} 1/2-1/2

[Event "DEM U18w 2020"]
[Site "Willingen GER"]
[Date "2020.10.23"]
[Round "6"]
[White "Mundt, Alexandra"]
[Black "Tornay, Haizea"]
[Result "1/2-1/2"]
[Termination "normal"]
[Board "6"]
[WhiteElo "1786"]
[BlackElo "1659"]
[WhiteClock "00:03:44"]
[BlackClock "00:10:58"]
[PlyCount "56"]
[WhiteFideId "16217276"]
[BlackFideId "16205758"]
[EventCountry "GER"]
[EventRounds "7"]
[EventType "swiss"]
[EventDate "2020.10.19"]

1. e4 {[%clk 1:30:58]} c6 {[%clk 1:30:55]} 2. d4 {[%clk 1:31:23]} d5 {[%clk
1:31:21]} 3. Nd2 {[%clk 1:31:42]} dxe4 {[%clk 1:31:45]} 4. Nxe4 {[%clk
1:32:08]} Bf5 {[%clk 1:32:09]} 5. Ng3 {[%clk 1:32:27]} Bg6 {[%clk 1:32:34]} 6.
Nf3 {[%clk 1:32:38]} Nd7 {[%clk 1:31:52]} 7. h4 {[%clk 1:32:54]} h6 {[%clk
1:32:13]} 8. h5 {[%clk 1:33:19]} Bh7 {[%clk 1:32:35]} 9. Bd3 {[%clk 1:33:07]}
Bxd3 {[%clk 1:32:53]} 10. Qxd3 {[%clk 1:33:32]} e6 {[%clk 1:31:38]} 11. Bd2
{[%clk 1:32:28]} Ngf6 {[%clk 1:30:18]} 12. O-O-O {[%clk 1:31:01]} Qc7 {[%clk
1:24:02]} 13. Kb1 {[%clk 1:27:19]} c5 {[%clk 1:19:43]} 14. Qe2 {[%clk 1:08:10]}
Be7 {[%clk 1:15:21]} 15. Ne4 {[%clk 1:03:23]} Nxe4 {[%clk 1:12:17]} 16. Qxe4
{[%clk 1:03:48]} Nf6 {[%clk 1:12:34]} 17. Qe2 {[%clk 1:03:55]} c4 {[%clk
1:09:58]} 18. Ne5 {[%clk 0:50:50]} b5 {[%clk 1:07:27]} 19. f4 {[%clk 0:42:25]}
Nd5 {[%clk 1:03:34]} 20. f5 {[%clk 0:33:40]} exf5 {[%clk 0:46:39]} 21. Qf3
{[%clk 0:33:21]} Rd8 {[%clk 0:40:02]} 22. Qxf5 {[%clk 0:24:15]} O-O {[%clk
0:37:02]} 23. Rh3 {[%clk 0:17:50]} Qc8 {[%clk 0:32:28]} 24. Qf3 {[%clk
0:15:51]} Qe6 {[%clk 0:30:07]} 25. Re1 {[%clk 0:12:33]} Qf6 {[%clk 0:27:41]}
26. Qd1 {[%clk 0:09:31]} Qb6 {[%clk 0:21:33]} 27. Qg4 {[%clk 0:06:42]} Nf6
{[%clk 0:19:26]} 28. Qf3 {[%clk 0:03:44]} Nd5 {[%clk 0:10:58]} 1/2-1/2

[Event "DEM U18w 2020"]
[Site "Willingen GER"]
[Date "2020.10.23"]
[Round "6"]
[White "Minneken, Swantje"]
[Black "Albayrak, Berrak"]
[Result "0-1"]
[Termination "normal"]
[Board "8"]
[WhiteElo "1322"]
[BlackElo "1433"]
[WhiteClock "00:44:34"]
[BlackClock "00:05:20"]
[PlyCount "58"]
[WhiteFideId "16261526"]
[BlackFideId "16241657"]
[EventCountry "GER"]
[EventRounds "7"]
[EventType "swiss"]
[EventDate "2020.10.19"]

1. Nf3 {[%clk 1:30:50]} d6 {[%clk 1:30:54]} 2. d4 {[%clk 1:31:04]} Nf6 {[%clk
1:31:18]} 3. c4 {[%clk 1:31:15]} g6 {[%clk 1:31:40]} 4. Nc3 {[%clk 1:31:27]}
Bf5 {[%clk 1:30:31]} 5. Ng5 {[%clk 1:30:36]} Bg7 {[%clk 1:23:33]} 6. e4 {[%clk
1:29:25]} Bc8 {[%clk 1:17:54]} 7. Be2 {[%clk 1:27:48]} O-O {[%clk 1:13:35]} 8.
O-O {[%clk 1:25:48]} h6 {[%clk 1:09:20]} 9. Nf3 {[%clk 1:25:43]} b6 {[%clk
1:07:14]} 10. Be3 {[%clk 1:24:18]} c5 {[%clk 1:03:03]} 11. d5 {[%clk 1:19:21]}
Bb7 {[%clk 0:52:50]} 12. Qc1 {[%clk 1:17:39]} Kh7 {[%clk 0:52:02]} 13. h3
{[%clk 1:15:40]} Na6 {[%clk 0:43:06]} 14. a3 {[%clk 1:12:00]} Nc7 {[%clk
0:41:37]} 15. Nh2 {[%clk 1:10:46]} e6 {[%clk 0:37:20]} 16. f4 {[%clk 1:08:34]}
exd5 {[%clk 0:34:41]} 17. exd5 {[%clk 1:06:12]} Qd7 {[%clk 0:29:13]} 18. Bd3
{[%clk 1:04:12]} Rae8 {[%clk 0:24:38]} 19. f5 {[%clk 1:02:17]} b5 {[%clk
0:20:33]} 20. b3 {[%clk 1:01:25]} Re7 {[%clk 0:12:18]} 21. Ng4 {[%clk 0:55:39]}
Nxg4 {[%clk 0:10:23]} 22. hxg4 {[%clk 0:54:47]} Rxe3 {[%clk 0:10:13]} 23. fxg6+
{[%clk 0:51:38]} Kh8 {[%clk 0:08:48]} 24. Bf5 {[%clk 0:46:55]} Qe7 {[%clk
0:07:43]} 25. Rf3 {[%clk 0:46:17]} Bxc3 {[%clk 0:05:53]} 26. Rxe3 {[%clk
0:45:30]} Bd4 {[%clk 0:04:59]} 27. Kf2 {[%clk 0:45:22]} Re8 {[%clk 0:04:58]}
28. Qh1 {[%clk 0:44:19]} Qxe3+ {[%clk 0:05:05]} 29. Kf1 {[%clk 0:44:34]} Qf2#
{[%clk 0:05:20]} 0-1